Fenerbahçe 2010's Starting XI - Statistics

General Stats
  • This quiz has been taken 285 times
  • The average score is 71 of 110
Answer Stats
Season Hint Answer % Correct
2017-18 GK 🇹🇷 Volkan Demirel
98%
2016-17 GK 🇹🇷 Volkan Demirel
98%
2015-16 GK 🇹🇷 Volkan Demirel
98%
2014-15 GK 🇹🇷 Volkan Demirel
98%
2013-14 GK 🇹🇷 Volkan Demirel
98%
2012-13 GK 🇹🇷 Volkan Demirel
98%
2011-12 GK 🇹🇷 Volkan Demirel
98%
2010-11 GK 🇹🇷 Volkan Demirel
98%
2009-10 GK 🇹🇷 Volkan Demirel
98%
2015-16 RB 🇹🇷 Gökhan Gönül
86%
2014-15 RB 🇹🇷 Gökhan Gönül
86%
2013-14 RB 🇹🇷 Gökhan Gönül
86%
2012-13 RB 🇹🇷 Gökhan Gönül
86%
2011-12 RB 🇹🇷 Gökhan Gönül
86%
2010-11 RB 🇹🇷 Gökhan Gönül
86%
2009-10 RB 🇹🇷 Gökhan Gönül
86%
2011-12 AM 🇧🇷 Alex
84%
2010-11 AM 🇧🇷 Alex
84%
2009-10 AM 🇧🇷 Alex
84%
2014-15 LB 🇹🇷 Caner Erkin
84%
2013-14 LB 🇹🇷 Caner Erkin
84%
2012-13 LW 🇹🇷 Caner Erkin
84%
2010-11 LW 🇹🇷 Caner Erkin
84%
2016-17 ST 🇸🇳 Moussa Sow
84%
2014-15 LW 🇸🇳 Moussa Sow
84%
2013-14 LW 🇸🇳 Moussa Sow
84%
2012-13 ST 🇸🇳 Moussa Sow
84%
2014-15 RW 🇳🇱 Dirk Kuyt
78%
2013-14 RW 🇳🇱 Dirk Kuyt
78%
2012-13 RW 🇳🇱 Dirk Kuyt
78%
2018-19 CB 🇸🇰 Martin Skrtel
76%
2017-18 CB 🇸🇰 Martin Skrtel
76%
2016-17 CB 🇸🇰 Martin Skrtel
76%
2014-15 ST 🇳🇬 Emmanuel Emenike
75%
2013-14 ST 🇳🇬 Emmanuel Emenike
75%
2015-16 ST 🇳🇱 Robin van Persie
75%
2016-17 CB 🇩🇰 Simon Kjaer
75%
2015-16 CB 🇩🇰 Simon Kjaer
75%
2010-11 CB 🇺🇾 Diego Lugano
72%
2009-10 CB 🇺🇾 Diego Lugano
72%
2018-19 GK 🇹🇷 Harun Tekin
71%
2018-19 DM 🇹🇷 Mehmet Topal
70%
2017-18 DM 🇹🇷 Mehmet Topal
70%
2016-17 DM 🇹🇷 Mehmet Topal
70%
2015-16 DM 🇹🇷 Mehmet Topal
70%
2014-15 DM 🇹🇷 Mehmet Topal
70%
2013-14 DM 🇹🇷 Mehmet Topal
70%
2012-13 DM 🇹🇷 Mehmet Topal
70%
2018-19 RB 🇨🇱 Mauricio Isla
66%
2017-18 RB 🇨🇱 Mauricio Isla
66%
2018-19 ST 🇪🇸 Roberto Soldado
64%
2017-18 ST 🇪🇸 Roberto Soldado
64%
2015-16 CB 🇵🇹 Bruno Alves
63%
2014-15 CB 🇵🇹 Bruno Alves
63%
2013-14 CB 🇵🇹 Bruno Alves
63%
2012-13 CB 🇳🇬 Joseph Yobo
62%
2011-12 CB 🇳🇬 Joseph Yobo
62%
2010-11 CB 🇳🇬 Joseph Yobo
62%
2016-17 LW 🇹🇷 Volkan Şen
61%
2012-13 AM 🇧🇷 Cristian Baroni
59%
2011-12 CM 🇧🇷 Cristian Baroni
59%
2010-11 CM 🇧🇷 Cristian Baroni
59%
2009-10 CM 🇧🇷 Cristian Baroni
59%
2015-16 RW 🇵🇹 Nani
59%
2013-14 CM 🇵🇹 Raul Meireles
59%
2012-13 CM 🇵🇹 Raul Meireles
59%
2018-19 LB 🇹🇷 Hasan Ali Kaldırım
58%
2017-18 LB 🇹🇷 Hasan Ali Kaldirim
58%
2016-17 LB 🇹🇷 Hasan Ali Kaldırım
58%
2015-16 LB 🇹🇷 Hasan Ali Kaldırım
58%
2012-13 LB 🇹🇷 Hasan Ali Kaldırım
58%
2013-14 CB 🇹🇷 Egemen Korkmaz
55%
2018-19 CM 🇲🇰 Eljif Elmas
55%
2014-15 CM 🇹🇷 Emre Belözoğlu
54%
2011-12 CM 🇹🇷 Emre Belözoğlu
54%
2010-11 CM 🇹🇷 Emre Belözoğlu
54%
2009-10 CM 🇹🇷 Emre Belözoğlu
54%
2009-10 ST 🇪🇸 Daniel Güiza
52%
2015-16 ST 🇧🇷 Fernandao
52%
2017-18 LW 🇫🇷 Mathieu Valbuena
52%
2010-11 ST 🇸🇳 Mamadou Niang
51%
2011-12 RW 🇹🇷 Mehmet Topuz
50%
2010-11 RW 🇹🇷 Mehmet Topuz
50%
2009-10 RW 🇹🇷 Mehmet Topuz
50%
2017-18 DM 🇧🇷 Josef
49%
2016-17 DM 🇧🇷 Josef
49%
2015-16 DM 🇧🇷 Josef
49%
2018-19 LW 🇬🇭 Andre Ayew
48%
2016-17 AM 🇹🇷 Alper Potuk
47%
2014-15 AM 🇹🇷 Alper Potuk
47%
2013-14 AM 🇹🇷 Alper Potuk
47%
2016-17 RW 🇳🇱 Jeremain Lens
47%
2015-16 AM 🇧🇷 Diego
46%
2018-19 CB 🇷🇺 Roman Neustadter
46%
2017-18 CB 🇷🇺 Roman Neustadter
46%
2014-15 CB 🇹🇷 Bekir İrtegün
45%
2012-13 CB 🇹🇷 Bekir İrtegün
45%
2011-12 CB 🇹🇷 Bekir İrtegün
45%
2011-12 LW 🇸🇰 Miroslav Stoch
45%
2010-11 LB 🇧🇷 Andre Santos
42%
2009-10 LW 🇧🇷 Andre Santos
42%
2017-18 AM 🇧🇷 Giuliano
40%
2011-12 LB 🇨🇭 Reto Ziegler
40%
2016-17 RB 🇹🇷 Şener Özbayraklı
37%
2011-12 ST 🇨🇲 Henri Bienvenu
28%
2009-10 CB 🇧🇷 Fabio Bilica
26%
2018-19 AM 🇹🇷 Mehmet Ekici
25%
2018-19 RW🇳🇱 Nabil Dirar
25%
2017-18 RW 🇳🇱 Nabil Dirar
25%
2009-10 LB 🇹🇷 Gökçek Vederson
23%
No matching quizzes found
Score Distribution
Percent of People with Each Score
Percentile by Number Answered
Your Score History
You have not taken this quiz